| 000 | 00788 a2200277 4500 | ||
|---|---|---|---|
| 650 | 0 |
_aDomestic relations _zTurkey _950281 |
|
| 650 | 0 |
_980794 _aAile hukuku _zTürkiye |
|
| 999 |
_c200429605 _d47529 |
||
| 003 | TR-AnTOB | ||
| 005 | 20240201144230.0 | ||
| 008 | 140922s2004 tu 000 0 tur | ||
| 020 | _a9789756809389 | ||
| 040 |
_aGAZIU _beng _cTR-AnTOB _erda |
||
| 041 | 0 | _atur | |
| 049 | _aMAIN | ||
| 050 | 0 | 0 |
_aKKX540 _b.O98 2004 |
| 090 |
_aKKX540 _b.O98 2004 |
||
| 100 | 1 |
_aÖztan, Bilge _d1933- _4author _9119936 |
|
| 245 | 1 | 0 |
_aAile hukuku / _cBilge Öztan. |
| 250 | _a5. bası. | ||
| 264 |
_aAnkara : _bTurhan Kitabevi, _c2004. |
||
| 300 |
_alxvii, 874 s. ; _c25 cm. |
||
| 336 |
_2rdacontent _atext |
||
| 337 |
_2rdamedia _aunmediated |
||
| 338 |
_2rdacarrier _avolume |
||
| 942 |
_2lcc _cBK |
||